000
00236nam a2200109Ia 4500
100
_a
#N/A
942
_c
BK
654
_a
project management
245
_a
Project Management for Business & Technology
260
_b
#N/A
546
_a
ENGLISH
999
_c
21021
_d
21021